000
00302nam a22001217a 4500
082
_a
324.245408 KRU
100
_a
Kruizinga, H.
245
_a
Hyderabad: Communal Violence
260
_a
Hyderabad
_b
Henry Martyn Institute
_c
2008
300
_a
63
650
_a
Hyderabad Communal Violence
942
_c
RRB
999
_c
20384
_d
20384